000 00746nam a2200217Ia 4500
005 20241129111455.0
008 241129s9999||||xx |||||||||||||| ||und||
020 _a978-93-91018-53-5
037 _aTB
040 _aCRL
_bhin
_cCRL
041 _aeng
_2eng
084 _aWv2 152R3
_qCRL
100 _aनीशु कुमार, संपा.
245 0 _aभारतीय राजनीतिक चिंतन की परंपरा
_cनीशु कुमार, संपा.
260 _aदिल्ली, भारत
_bनालंदा प्रकाशन
_c2023
300 _a454पृ0
365 _aINR
_b1150
650 _aPolitical Science
942 _cTB
_hWv2 152R3
999 _c1230630
_d1230630